<?xml version="1.0" encoding="UTF-8"?><marc:collection xmlns:marc="http://www.loc.gov/MARC21/slim">
  <marc:record>
    <marc:leader>00000nam  2200000za 4500</marc:leader>
    <marc:controlfield tag="001">9.859682</marc:controlfield>
    <marc:controlfield tag="003">CaOODSP</marc:controlfield>
    <marc:controlfield tag="005">20250206125414</marc:controlfield>
    <marc:controlfield tag="007">cr |||||||||||</marc:controlfield>
    <marc:controlfield tag="008">180727s2018    onc     o    f000 0 fre d</marc:controlfield>
    <marc:datafield tag="040" ind1=" " ind2=" ">
      <marc:subfield code="a">CaOODSP</marc:subfield>
      <marc:subfield code="b">fre</marc:subfield>
    </marc:datafield>
    <marc:datafield tag="043" ind1=" " ind2=" ">
      <marc:subfield code="a">n-cn---</marc:subfield>
    </marc:datafield>
    <marc:datafield tag="086" ind1="1" ind2=" ">
      <marc:subfield code="a">A104-143/5-2018F-PDF</marc:subfield>
    </marc:datafield>
    <marc:datafield tag="245" ind1="0" ind2="0">
      <marc:subfield code="a">Fiche d'information - délivrance de licences aux entreprises alimentaires </marc:subfield>
      <marc:subfield code="h">[ressource électronique] : </marc:subfield>
      <marc:subfield code="b">Règlement sur la salubrité des aliments au Canada.</marc:subfield>
    </marc:datafield>
    <marc:datafield tag="246" ind1="1" ind2="0">
      <marc:subfield code="a">Délivrance de licences aux entreprises alimentaires</marc:subfield>
    </marc:datafield>
    <marc:datafield tag="246" ind1="1" ind2="0">
      <marc:subfield code="a">Règlement sur la salubrité des aliments au Canada</marc:subfield>
    </marc:datafield>
    <marc:datafield tag="260" ind1=" " ind2=" ">
      <marc:subfield code="a">[Ottawa] : </marc:subfield>
      <marc:subfield code="b">Agence canadienne d'inspection des aliments, </marc:subfield>
      <marc:subfield code="c">[2018]</marc:subfield>
    </marc:datafield>
    <marc:datafield tag="300" ind1=" " ind2=" ">
      <marc:subfield code="a">[2] p.</marc:subfield>
    </marc:datafield>
    <marc:datafield tag="500" ind1=" " ind2=" ">
      <marc:subfield code="a">Titre de départ.</marc:subfield>
    </marc:datafield>
    <marc:datafield tag="500" ind1=" " ind2=" ">
      <marc:subfield code="a">Publ. aussi en format HTML.</marc:subfield>
    </marc:datafield>
    <marc:datafield tag="500" ind1=" " ind2=" ">
      <marc:subfield code="a">Publ. aussi en anglais sous le titre : Fact sheet - licensing of food businesses : Safe Food for Canadians Regulations.</marc:subfield>
    </marc:datafield>
    <marc:datafield tag="500" ind1=" " ind2=" ">
      <marc:subfield code="3">Publié aussi en arabe, chinois simplifié, chinois traditionnel, allemand, hindi, portugais, punjabi, espagnol, thaï et turc.</marc:subfield>
    </marc:datafield>
    <marc:datafield tag="520" ind1=" " ind2=" ">
      <marc:subfield code="a">« Aux termes du Règlement sur la salubrité des aliments au Canada (RSAC), les entreprises alimentaires devront détenir une licence en fonction de leurs activités. Les entreprises alimentaires qui mènent une des activités suivantes doivent obtenir une licence : importer des aliments; fabriquer, transformer, traiter, conserver, classifier, emballer ou étiqueter des aliments exportés ou vendus dans plus d’une province ou d’un territoire ; exporter des aliments qui nécessitent un certificat d'exportation – même si elles n'en effectuent pas le conditionnement; abattre des animaux pour alimentation humaine dont les produits de viande sont exportés ou vendus dans plus d’une province ou d’un territoire; entreposer et manipuler un produit de viande dans son état d'importation aux fins d'inspection par l'Agence canadienne d'inspection des aliments (ACIA) » -- p. [1].</marc:subfield>
    </marc:datafield>
    <marc:datafield tag="692" ind1="0" ind2="7">
      <marc:subfield code="2">gccst</marc:subfield>
      <marc:subfield code="a">Salubrité des aliments</marc:subfield>
    </marc:datafield>
    <marc:datafield tag="692" ind1="0" ind2="7">
      <marc:subfield code="2">gccst</marc:subfield>
      <marc:subfield code="a">Règlements</marc:subfield>
    </marc:datafield>
    <marc:datafield tag="692" ind1="0" ind2="7">
      <marc:subfield code="2">gccst</marc:subfield>
      <marc:subfield code="a">Attribution de permis</marc:subfield>
    </marc:datafield>
    <marc:datafield tag="710" ind1="2" ind2=" ">
      <marc:subfield code="a">Agence canadienne d'inspection des aliments.</marc:subfield>
    </marc:datafield>
    <marc:datafield tag="775" ind1="0" ind2="8">
      <marc:subfield code="t">Fact sheet - licensing of food businesses </marc:subfield>
      <marc:subfield code="w">(CaOODSP)9.858143</marc:subfield>
    </marc:datafield>
    <marc:datafield tag="775" ind1="0" ind2="8">
      <marc:subfield code="t">[Fiche d'information - délivrance de licences aux entreprises alimentaires] </marc:subfield>
      <marc:subfield code="w">(CaOODSP)9.859692</marc:subfield>
    </marc:datafield>
    <marc:datafield tag="775" ind1="0" ind2="8">
      <marc:subfield code="t">[Fiche d'information - délivrance de licences aux entreprises alimentaires] </marc:subfield>
      <marc:subfield code="w">(CaOODSP)9.859695</marc:subfield>
    </marc:datafield>
    <marc:datafield tag="775" ind1="0" ind2="8">
      <marc:subfield code="t">[Fiche d'information - délivrance de licences aux entreprises alimentaires] </marc:subfield>
      <marc:subfield code="w">(CaOODSP)9.859701</marc:subfield>
    </marc:datafield>
    <marc:datafield tag="775" ind1="0" ind2="8">
      <marc:subfield code="t">[Fiche d'information - délivrance de licences aux entreprises alimentaires] </marc:subfield>
      <marc:subfield code="w">(CaOODSP)9.859705</marc:subfield>
    </marc:datafield>
    <marc:datafield tag="775" ind1="0" ind2="8">
      <marc:subfield code="t">[Fiche d'information - délivrance de licences aux entreprises alimentaires] </marc:subfield>
      <marc:subfield code="w">(CaOODSP)9.859708</marc:subfield>
    </marc:datafield>
    <marc:datafield tag="775" ind1="0" ind2="8">
      <marc:subfield code="t">[Fiche d'information - délivrance de licences aux entreprises alimentaires] </marc:subfield>
      <marc:subfield code="w">(CaOODSP)9.859711</marc:subfield>
    </marc:datafield>
    <marc:datafield tag="775" ind1="0" ind2="8">
      <marc:subfield code="t">[Fiche d'information - délivrance de licences aux entreprises alimentaires] </marc:subfield>
      <marc:subfield code="w">(CaOODSP)9.859713</marc:subfield>
    </marc:datafield>
    <marc:datafield tag="775" ind1="0" ind2="8">
      <marc:subfield code="t">[Fiche d'information - délivrance de licences aux entreprises alimentaires] </marc:subfield>
      <marc:subfield code="w">(CaOODSP)9.859719</marc:subfield>
    </marc:datafield>
    <marc:datafield tag="775" ind1="0" ind2="8">
      <marc:subfield code="t">[Fiche d'information - délivrance de licences aux entreprises alimentaires] </marc:subfield>
      <marc:subfield code="w">(CaOODSP)9.859722</marc:subfield>
    </marc:datafield>
    <marc:datafield tag="775" ind1="0" ind2="8">
      <marc:subfield code="t">[Fiche d'information - délivrance de licences aux entreprises alimentaires] </marc:subfield>
      <marc:subfield code="w">(CaOODSP)9.859726</marc:subfield>
    </marc:datafield>
    <marc:datafield tag="856" ind1="4" ind2="0">
      <marc:subfield code="q">PDF</marc:subfield>
      <marc:subfield code="s">60 Ko</marc:subfield>
      <marc:subfield code="u">https://publications.gc.ca/collections/collection_2018/acia-cfia/A104-143-5-2018-fra.pdf</marc:subfield>
    </marc:datafield>
    <marc:datafield tag="856" ind1="4" ind2=" ">
      <marc:subfield code="q">HTML</marc:subfield>
      <marc:subfield code="s">S.O.</marc:subfield>
      <marc:subfield code="u">https://inspection.canada.ca/salubrite-alimentaire-pour-l-industrie/trousse-d-outils-pour-les-entreprises-alimentaires/delivrance-de-licences-aux-entreprises-alimentaire/fra/1427300844139/1427300914872</marc:subfield>
    </marc:datafield>
  </marc:record>
</marc:collection>
